Európska dimenzia riešenia problematiky rómskej minority diplomová práca

Saved in:
Bibliographic Details
Main Author: Hulmanová, Margita
Corporate Author: Fakulta medzinárodných vzťahov EU. Katedra medzinárodných politických vzťahov
Other Authors: Weiss, Peter
Format: Book
Language:Slovak
Published: Bratislava 2009
Tags: Add Tag
No Tags, Be the first to tag this record!

MARC

LEADER 00000nam$a2200000$$$4500
001 0097156
005 20240318140634.5
041 0 |a slo 
044 |a SK 
245 1 0 |a Európska dimenzia riešenia problematiky rómskej minority  |b diplomová práca  |c Margita Hulmanová ; škol. Peter Weiss 
264 1 |a Bratislava  |c 2009 
300 |a 69 s. 
100 1 |a Hulmanová, Margita 
700 1 |a Weiss, Peter 
710 2 |a Fakulta medzinárodných vzťahov EU. Katedra medzinárodných politických vzťahov